000 00780nam a22002297a 4500
003 IT-MiCISF
005 20240419111844.0
008 240419b |||||||| |||| 00| 0 eng d
040 _cIT-MiCISF
041 _ait
100 _aSanavio Marco (et al.)
_960660
245 _aL'intelligenza artificiale tra pericoli e opportunità.
_bUn cambiamento che coinvolge tutto e tutti
250 _a"Vita pastorale", n. 3, marzo
260 _c2024
300 _app. I-XV
310 _amensile
500 _asocietà, mass-media, cambiamento, lavoro, informazione, etica, chiesa, comunicazione, nuovi-media, formazione
650 _aSocietà
654 _adossier
700 _aBarone C., Ciucci A., Pompili D., Tridente G., Garassini S., Carenzio A.
_960661
942 _2ddc
_cCR
999 _c360049
_d360051